000 00249nam a2200097Ia 4500
001 916193
005 20250826185848.0
008 250824s9999 xx 000 0 und d
245 0 _aMOZARTIN PERUĞU
_cGERRY BAILEY
260 _bBİNBİR ÇİÇEK YAYINLARI
999 _c916193
_d916193